Statystyki dla Najludniejsze państwa w 2200 roku (według mnie)

Kliknij tutaj aby rozwiązać quiz!

Ogólne statystyki

  • Ten quiz został rozwiązany 220 razy
    (180 od ostatniego zresetowania)
  • Średni wynik to 27 z 50

Statystyki odpowiedzi

Ludność (mln)MiejscePaństwo% Poprawnych
7545Chiny
97%
8653Indie
95%
5488USA
93%
6746Rosja
90%
4959Niger
83%
17791Nigeria
83%
11030Niemcy
82%
11829Brazylia
79%
10132Kanada
78%
7739Francja
76%
9633Meksyk
76%
19921Wielka Brytania
74%
38913Indonezja
72%
6217Egipt
71%
5749Argentyna
65%
17724Iran
61%
9334RPA
60%
6647Włochy
60%
6845Australia
59%
46410Pakistan
59%
12328Turcja
59%
21719Irak
57%
7994Etiopia
56%
39012Sudan
55%
9035Bangladesz
54%
4950Kolumbia
53%
10831Wietnam
50%
19522Czad
49%
12872DRK
49%
40711Angola
47%
18123Filipiny
47%
22018Mali
47%
6786Tanzania
47%
20820Somalia
46%
24617WKS
46%
32014Kenia
44%
8138Afganistan
40%
16925Mozambik
40%
14427Ghana
39%
27616Madagaskar
37%
28515Uganda
37%
16326Kamerun
36%
7540Mjanma
32%
7241Jemen
29%
8836Burundi
24%
6548Malawi
24%
69 xd43Rwanda
24%
8437Benin
23%
7042Gabon
23%
6844Burkina Faso
21%

Rozkład punktacji

Percentyl według liczby udzielonych odpowiedzi

Procent ludzi z każdym wynikiem

Twoja historia wyników

Nie rozwiązałeś tego quizu od ostatniego zresetowania